000 00394nam a2200169Ia 4500
001 5773
003 IN-NITTTR
005 20251114233012.0
008 251113s9999||||xx |||||||||||||| ||eng||
040 _beng
040 _cIN-NITTTR
041 _aeng
082 _a378.17 B38T
100 _aBeard, Ruth
245 0 _aTeaching and learning in higher education /
_cBeard, Ruth
942 _2ddc
_cBK
999 _c8410
_d8410